000 00354 a2200157 4500
001 189160
020 _a978-85-7238-381-3
040 _cMagnum
100 _aSilveira, Maria José
240 1 0 _aMeu presente para o mundo
_lpor
245 1 0 _aMeu presente para o mundo
300 _a91
362 0 _a2009
697 _aLITERATURA JUVENIL
942 _cBK
999 _c189160
_d189160